Countries in the world in just 10 minutes - Statistics

General Stats
  • This quiz has been taken 56 times
  • The average score is 145 of 196
Answer Stats
Country % Correct
Sweden
94%
United States
94%
Afghanistan
91%
Australia
91%
Canada
91%
France
91%
Italy
91%
Japan
91%
Portugal
91%
Russia
91%
South Korea
91%
Spain
91%
Argentina
88%
China
88%
Denmark
88%
Finland
88%
Germany
88%
India
88%
Mexico
88%
Netherlands
88%
Slovenia
88%
South Africa
88%
United Kingdom
88%
Albania
85%
Austria
85%
Belgium
85%
Brazil
85%
Chile
85%
Kazakhstan
85%
North Korea
85%
Norway
85%
Pakistan
85%
Romania
85%
Slovakia
85%
Thailand
85%
Uzbekistan
85%
Bulgaria
82%
Democratic Republic of the Congo
82%
Egypt
82%
Hungary
82%
Iran
82%
Ireland
82%
Latvia
82%
Lithuania
82%
Monaco
82%
Morocco
82%
Oman
82%
Panama
82%
Turkey
82%
Ukraine
82%
Uruguay
82%
Algeria
79%
Andorra
79%
Armenia
79%
Colombia
79%
Indonesia
79%
Jordan
79%
Kyrgyzstan
79%
Laos
79%
Mongolia
79%
Paraguay
79%
Poland
79%
Republic of the Congo
79%
Switzerland
79%
United Arab Emirates
79%
Vatican City
79%
Vietnam
79%
Belarus
76%
Chad
76%
Croatia
76%
Cuba
76%
Georgia
76%
Iceland
76%
Iraq
76%
Israel
76%
Kenya
76%
LIbya
76%
Madagascar
76%
Montenegro
76%
Niger
76%
San Marino
76%
Serbia
76%
Sudan
76%
Tajikistan
76%
Tanzania
76%
Angola
73%
Azerbaijan
73%
Bahamas
73%
Bahrain
73%
Barbados
73%
Bolivia
73%
Bosnia and Herzegovina
73%
Cameroon
73%
Central African Republic
73%
Costa Rica
73%
Czech Republic
73%
Dominican Republic
73%
El Salvador
73%
Estonia
73%
Fiji
73%
Ghana
73%
Greece
73%
Guatemala
73%
Haiti
73%
Luxembourg
73%
Malaysia
73%
Malta
73%
Mauritania
73%
Moldova
73%
Nepal
73%
Peru
73%
Singapore
73%
Turkmenistan
73%
Yemen
73%
Zambia
73%
Zimbabwe
73%
Bhutan
70%
Dominica
70%
Ecuador
70%
Ethiopia
70%
Honduras
70%
Jamaica
70%
Kosovo
70%
Lebanon
70%
Liechtenstein
70%
Mauritius
70%
Mozambique
70%
New Zealand
70%
Nicaragua
70%
North Macedonia
70%
Papua New Guinea
70%
Qatar
70%
Senegal
70%
Seychelles
70%
Somalia
70%
South Sudan
70%
Syria
70%
Venezuela
70%
Antigua and Barbuda
67%
Bangladesh
67%
Belize
67%
Benin
67%
Comoros
67%
Cyprus
67%
Eswatini
67%
Guinea-Bissau
67%
Guyana
67%
Ivory Coast
67%
Kiribati
67%
Kuwait
67%
Lesotho
67%
Liberia
67%
Mali
67%
Myanmar
67%
Nigeria
67%
Philippines
67%
Saint Kitts and Nevis
67%
Sierra Leone
67%
Sri Lanka
67%
Suriname
67%
Taiwan
67%
Togo
67%
Tonga
67%
Uganda
67%
Brunei
64%
Cambodia
64%
Equatorial Guinea
64%
Eritrea
64%
Gabon
64%
Marshall Islands
64%
Saint Vincent and the Grenadines
64%
Samoa
64%
Solomon Islands
64%
Trinidad and Tobago
64%
Tunisia
64%
Vanuatu
64%
Botswana
61%
Burundi
61%
Djibouti
61%
East Timor
61%
Grenada
61%
Malawi
61%
Maldives
61%
Namibia
61%
Palau
61%
Rwanda
61%
Saint Lucia
61%
Sao Tome and Principe
61%
Tuvalu
61%
Burkina Faso
58%
Gambia
58%
Micronesia
58%
Nauru
58%
Cabo Verde
45%
Saudi Arabia
45%
No matching quizzes found
Score Distribution
Percent of People with Each Score
Percentile by Number Answered
Your Score History
You have not taken this quiz